000 00303nam a22001337a 4500
008 170614b xxu||||| |||| 00| 0 eng d
020 _a0316231347
041 _aeng
080 _23RD
_a34
100 _a14
101 _aSHJ
245 _aFUNDAMENTALS OF PARALEGALISM
_cEIMERMANN,TH.E
942 _2udc
_cBK
999 _c17399
_d17399